| 000 | 00738nam a2200193 i 4500 | ||
|---|---|---|---|
| 001 | 181378 | ||
| 003 | ES-MaACL | ||
| 005 | 20240301062539.0 | ||
| 008 | 121220s1871 sp |||| | spa d | ||
| 080 | _a027(460.27 M) | ||
| 110 | 2 |
_aBiblioteca Nacional (España) _92188 |
|
| 245 | 1 | 0 |
_aMemoria leída en la Biblioteca Nacional en la sesión pública del presente año, 1871 / _c[Juan Eugenio Hartzenbusch]. |
| 260 |
_aMadrid : _b[s.n.], _c1871 ( _fImp. de Rivadeneyra) |
||
| 300 |
_a39 p. ; _c26 cm. |
||
| 610 | 2 | 4 |
_aBiblioteca Nacional (España)- _vMemorias. _9138862 |
| 700 | 1 |
_aHartzenbusch, Juan Eugenio, _d1806-1880 _962011 |
|
| 852 | 4 |
_aES-MaACL _jT-111-F-7 _z- Enc. en un vol. facticio |
|
| 999 |
_c181378 _d181378 |
||